| 000 | 01418nam0a22002891 4500 | ||
|---|---|---|---|
| 001 | rc\67541 | ||
| 005 | 20250620165906.0 | ||
| 010 |
_a5-253-00337-1 _9600000 |
||
| 035 | _a(NLR Aleph) 005341243 | ||
| 090 |
_a6695988 _c6695988 |
||
| 100 | _a20021216d1991 |||y0rusy50 ca | ||
| 101 | 0 | _arus | |
| 102 | _aRU | ||
| 105 | _aa ||||||||| | ||
| 200 | 1 |
_aНевидимые связи _eДетективы польских писателей _f[Переводы с польского В. Киселева _gПослесл. Г. Анджапаридзе _gИл. Б. Пашкова] |
|
| 210 |
_aМ. _cПравда _d1991 |
||
| 215 |
_a475, [2] с. _cил. _d20 |
||
| 225 | 1 | _aМир приключений | |
| 327 | 1 | _aСодерж.: Невидимые связи; Золотые щупальца / К. Земский. Внезапная смерть игрока / Е. Эдигей | |
| 464 | 0 |
_12001#$aНевидимые связи _1700#1$aЗемский$bК. _tНевидимые связи _aЗемский, К. |
|
| 464 | 0 |
_12001#$aЗолотые щупальца _1700#1$aЗемский$bК. _tЗолотые щупальца _aЗемский, К. |
|
| 464 | 0 |
_12001#$aВнезапная смерть игрока _1700#1$aЭдигей$bЕ. _tВнезапная смерть игрока _aЭдигей, Е. |
|
| 801 | 0 |
_aRU _bNLR _gpsbo |
|
| 801 | 1 |
_aRU _bELAR _2rusmarc |
|
| 852 |
_aNLR _j91-3/11164 |
||
| 942 | _cBOOK | ||
| 980 | _aNB | ||